Dorka pawl 1950-2025 souvenir : (Record no. 11106)

MARC details
000 -LEADER
fixed length control field 00373nam a22001457a 4500
003 - CONTROL NUMBER IDENTIFIER
control field GBCCL
005 - DATE AND TIME OF LATEST TRANSACTION
control field 20251209144138.0
008 - FIXED-LENGTH DATA ELEMENTS--GENERAL INFORMATION
fixed length control field 251209b |||||||| |||| 00| 0 eng d
040 ## - CATALOGING SOURCE
Transcribing agency GBC
082 ## - DEWEY DECIMAL CLASSIFICATION NUMBER
Classification number SOU DOR
Item number 2025
245 ## - TITLE STATEMENT
Title Dorka pawl 1950-2025 souvenir :
Remainder of title Toupa'n honpi zel
260 ## - PUBLICATION, DISTRIBUTION, ETC.
Place of publication, distribution, etc. Lamka :
Name of publisher, distributor, etc. EBC Dorka pawl,
Date of publication, distribution, etc. 2025
300 ## - PHYSICAL DESCRIPTION
Extent 91p. ;
942 ## - ADDED ENTRY ELEMENTS (KOHA)
Source of classification or shelving scheme Dewey Decimal Classification
Koha item type Archives
Suppress in OPAC No
Holdings
Withdrawn status Lost status Source of classification or shelving scheme Damaged status Not for loan Home library Current Library Shelving location Date acquired Total checkouts Full call number Barcode Date last seen Copy number Price effective from Koha item type
    Dewey Decimal Classification     GRACE BIBLE COLLEGE GRACE BIBLE COLLEGE Archives 2025-12-09   SOU DOR 2025 250313 2025-12-09 c.1 2025-12-09 Archives
    Dewey Decimal Classification     GRACE BIBLE COLLEGE GRACE BIBLE COLLEGE Archives 2025-12-09   SOU DOR 2025 250314 2025-12-09 c.2 2025-12-09 Archives
    Dewey Decimal Classification     GRACE BIBLE COLLEGE GRACE BIBLE COLLEGE Archives 2025-12-09   SOU DOR 2025 250315 2025-12-09 c.3 2025-12-09 Archives
    Dewey Decimal Classification     GRACE BIBLE COLLEGE GRACE BIBLE COLLEGE Archives 2025-12-09   SOU DOR 2025 250316 2025-12-09 c.4 2025-12-09 Archives
    Dewey Decimal Classification     GRACE BIBLE COLLEGE GRACE BIBLE COLLEGE Archives 2025-12-09   SOU DOR 2025 250317 2025-12-09 c.5 2025-12-09 Archives
    Dewey Decimal Classification     GRACE BIBLE COLLEGE GRACE BIBLE COLLEGE Archives 2025-12-09   SOU DOR 2025 250318 2025-12-09 c.6 2025-12-09 Archives
© Grace Bible College Library 2025